000 00440nam a2200181Ia 4500
005 20250423101037.0
008 250422s9999 xx 000 0 und d
020 _a0-07-014433-8
050 _aQC 23.C917/
100 _aAlan H. Cromer
245 0 _aStudy guide to accompany physics for the life sciences
260 _aNew York
260 _bMcGraw-Hill
260 _c1974
300 _a160 p
650 _aMeasurement
942 _cBK
999 _c35115
_d35115